Návrh tempomatu
Salvato in:
| Autore principale: | |
|---|---|
| Altri autori: | |
| Natura: | Manoscritto Libro |
| Lingua: | slovacco |
| Pubblicazione: |
2017
|
| Soggetti: | |
| Accesso online: | http://is.stuba.sk/zp/portal_zp.pl?podrobnosti=125313 |
| Tags: |
Nessun Tag, puoi essere il primo ad aggiungerne!!
|
MARC
| LEADER | 00000ntm a22000003a 4500 | ||
|---|---|---|---|
| 001 | stuzp61209 | ||
| 003 | SK-STU | ||
| 005 | 20170710122339.4 | ||
| 007 | ta | ||
| 008 | 150427s2015----xo-----f-mn---000-0-slo-d | ||
| 040 | |a STU |b slo | ||
| 041 | 0 | |a slo | |
| 044 | |a xo | ||
| 100 | 1 | |a Sebő, Balázs |u 030400 |4 aut |U FEI Fakulta elektrotechniky a informatiky |T FEI Ústav automobilovej mechatroniky |X 53975 |U E400 |Y 642 |7 53975 | |
| 242 | 0 | 1 | |a Cruise control design |y eng |
| 245 | 1 | 0 | |a Návrh tempomatu |
| 260 | |c 2017 | ||
| 300 | |a 47 s., |b CD-ROM | ||
| 650 | 4 | |a PID regulátor |2 slo | |
| 650 | 4 | |a dynamika vozidla |2 slo | |
| 650 | 4 | |a rýchlosť |2 slo | |
| 650 | 4 | |a tempomat |2 slo | |
| 650 | 4 | |a cruise control |2 eng | |
| 650 | 4 | |a PID controller |2 eng | |
| 650 | 4 | |a vehicle Dynamics |2 eng | |
| 650 | 4 | |a velocity |2 eng | |
| 700 | 1 | |a Kozáková, Alena |u 030400 |k Z1 |4 ths |U FEI Fakulta elektrotechniky a informatiky |T FEI Ústav automobilovej mechatroniky |X 4939 |U E400 |Y 642 |7 A000004939 | |
| 856 | 4 | |u http://is.stuba.sk/zp/portal_zp.pl?podrobnosti=125313 | |
| 996 | |b 284ER02308 |c E*Bc- 2308 |l EE30 |s P |a 0 |w stuzp61209_0001 | ||